Physics, chemistry, and application of nanostructures : Reviews and short notes to Nanomeeting 2005 : Minsk, Belarus, 24-27 May 2005

This comprehensive volume presents invited reviews and short notes with exciting new results obtained in fabrication study and application of nanostructures, which promise a new generation of electronic and optoelectronic devices. The rapid progress in nanoelectronics and optoelectronics, molecular...

Popoln opis

Shranjeno v:
Bibliografske podrobnosti
Format: Knjiga
Jezik:Undetermined
Izdano: Hackensack, N.J. World Scientific c2005
Teme:
Oznake: Označite
Brez oznak, prvi označite!
Thư viện lưu trữ: Trung tâm Học liệu Trường Đại học Cần Thơ
LEADER 01240nam a2200217Ia 4500
001 CTU_156814
008 210402s9999 xx 000 0 und d
082 |a 620.5 
082 |b N183/2005 
245 0 |a Physics, chemistry, and application of nanostructures : 
245 0 |b Reviews and short notes to Nanomeeting 2005 : Minsk, Belarus, 24-27 May 2005 
245 0 |c Editors, V.E. Borisenko, S.V. Gaponenko, V.S. Gurin 
260 |a Hackensack, N.J. 
260 |b World Scientific 
260 |c c2005 
520 |a This comprehensive volume presents invited reviews and short notes with exciting new results obtained in fabrication study and application of nanostructures, which promise a new generation of electronic and optoelectronic devices. The rapid progress in nanoelectronics and optoelectronics, molecular electronics and spintronics, nanotechnology and quantum processing of information are covered. 
650 |a Nanostructures,Solid state chemistry,Nanotechnology,Nanostructures 
650 |x Industrial applications,Cấu trúc nano,Công nghệ nano,Hóa học chất rắn 
650 |y Ứng dụng công nghiệp 
904 |i Trọng Hiếu 
980 |a Trung tâm Học liệu Trường Đại học Cần Thơ